00437nam a2200133Ia 4500008004100000041001200041082001500053245003800068260000900106650000900115942000700124999001300131952015900144221030s9999 xx 000 0 und d aEnglish a105.23bBE 4aThe India You Do Not KnowbFLOPPY c2000 aBook cCD c169d169 pFloppy 3784l0o105.23 BEr2022-10-30 00:00:00w2022-10-30yCD003Soft Copy4070aMIETLIBbMIETLIBcBL-First, FL-1, CUP-21, SH-0, R-0d2007-04-1010HBE